MARC details
| 000 -CABECERA |
| campo de control de longitud fija |
02332nam a2200301 a 4500 |
| 001 - NÚMERO DE CONTROL |
| campo de control |
000015340 |
| 005 - FECHA Y HORA DE LA ÚLTIMA TRANSACCIÓN |
| campo de control |
20200929164021.0 |
| 008 - DATOS DE LONGITUD FIJA--INFORMACIÓN GENERAL |
| campo de control de longitud fija |
100205s2004 xxua 001 0 spa d |
| 020 ## - NÚMERO INTERNACIONAL ESTÁNDAR DEL LIBRO |
| Número Internacional Estándar del Libro |
0976481502 |
| 040 ## - FUENTE DE LA CATALOGACIÓN |
| Centro catalogador/agencia de origen |
DO-SdBNP |
| Lengua de catalogación |
spa |
| Centro/agencia transcriptor |
BNPHU |
| 082 ## - NÚMERO DE LA CLASIFICACIÓN DECIMAL DEWEY |
| Número de clasificación |
304.873097293 |
| Número de documento/Ítem |
P438b |
| 100 1# - ENTRADA PRINCIPAL--NOMBRE DE PERSONA |
| Nombre de persona |
Pérez P., Pedro Julio |
| 9 (RLIN) |
34670 |
| 245 13 - MENCIÓN DE TÍTULO |
| Título |
El bodeguero y el proceso inmigratorio en América / |
| Mención de responsabilidad, etc. |
Pedro J. Pérez. |
| 260 ## - PUBLICACIÓN, DISTRIBUCIÓN, ETC. |
| Lugar de publicación, distribución, etc. |
Filadelfia, Estados Unidos : |
| Nombre del editor, distribuidor, etc. |
MECOMM, |
| Fecha de publicación, distribución, etc. |
2004. |
| 300 ## - DESCRIPCIÓN FÍSICA |
| Extensión |
348 p. : |
| Otras características físicas |
il. ; |
| Dimensiones |
22 cm. |
| 500 ## - NOTA GENERAL |
| Nota general |
Incluye datos biográficos del autor. |
| 504 ## - NOTA DE BIBLIOGRAFÍA, ETC. |
| Nota de bibliografía, etc. |
Bibliografía: p. 340. |
| 505 0# - NOTA DE CONTENIDO CON FORMATO |
| Información miscelánea |
Introducción -- |
| Título |
Generalidades: El surgimiento de las bodegas -- |
| -- |
Las bodegas y la primera inmigración: referencias sociológicas sobre Puerto Rico, México y el exilio cubano -- |
| -- |
Colmados, pulperías, ventorrillos y colmadones -- |
| -- |
El dominicano como inmigrante: conducta y comportamiento -- |
| -- |
Los asentamientos: el camino de La Mona y los dominican-yorks -- |
| -- |
Influencias de las organizaciones políticas en la conformación de los grupos de inmigrantes dominicanos -- |
| -- |
Referencias esenciales: mapa social en la República Dominicana -- |
| -- |
Otros negocios de los inmigrantes dominicanos -- |
| -- |
Valores humanos del dominicano -- |
| -- |
Religión y costumbres del Caribe: la santería -- |
| -- |
Religión y costumbres del Caribe: los caballos o montaos; las botánicas y los espíritus. Consultar a los espíritus. Las 21 divisiones del Vudú -- |
| -- |
Arte y cultura en dominicana. Reservas morales -- |
| -- |
En el fondo de la historia migratoria -- |
| -- |
El otro lado del sueño americano -- |
| -- |
Referencias y sugerencias derivadas del estudio de campo realizado entre los bodegueros dominicanos -- |
| -- |
Anexos: Informaciones y datos estadísticos -- |
| Información miscelánea |
Colofón y notas finales -- |
| -- |
Apéndices: |
| Título |
Glosario de términos -- |
| -- |
Expresiones típicas -- |
| -- |
Bibliografía. |
| 590 ## - NOTA LOCAL (RLIN) |
| Nota local |
Inventariado, 2018/VM |
| 650 #4 - PUNTO DE ACCESO ADICIONAL DE MATERIA--TÉRMINO DE MATERIA |
| Término de materia o nombre geográfico como elemento de entrada |
Inmigrantes |
| Subdivisión geográfica |
Estados Unidos |
| 9 (RLIN) |
9477 |
| 650 #4 - PUNTO DE ACCESO ADICIONAL DE MATERIA--TÉRMINO DE MATERIA |
| Término de materia o nombre geográfico como elemento de entrada |
Interacción cultural |
| 9 (RLIN) |
34671 |
| 650 #4 - PUNTO DE ACCESO ADICIONAL DE MATERIA--TÉRMINO DE MATERIA |
| Término de materia o nombre geográfico como elemento de entrada |
Dominicanos en estados unidos |
| 9 (RLIN) |
34672 |
| 650 #4 - PUNTO DE ACCESO ADICIONAL DE MATERIA--TÉRMINO DE MATERIA |
| Término de materia o nombre geográfico como elemento de entrada |
Comerciantes dominicanos |
| 9 (RLIN) |
34673 |
| 651 #4 - PUNTO DE ACCESO ADICIONAL DE MATERIA--NOMBRE GEOGRÁFICO |
| Nombre geográfico |
Estados Unidos |
| Subdivisión general |
Emigración E Inmigración |
| 9 (RLIN) |
291 |
| 651 #4 - PUNTO DE ACCESO ADICIONAL DE MATERIA--NOMBRE GEOGRÁFICO |
| Nombre geográfico |
República Dominicana |
| Subdivisión general |
Emigración E Inmigración |
| -- |
Aspectos Económicos |
| 9 (RLIN) |
9359 |
| 651 #4 - PUNTO DE ACCESO ADICIONAL DE MATERIA--NOMBRE GEOGRÁFICO |
| Nombre geográfico |
República Dominicana |
| Subdivisión general |
Vida Social Y Costumbres |
| 9 (RLIN) |
405 |
| 910 ## - DATOS DE OPCIÓN DEL USUARIO (OCLC) |
| Datos de opción del usuario |
Validado. Control de calidad EMS |